000 00645cam a22002413a 4500
001 29661
003 PGUSA
005 20140828083636.0
008 090810s2009||||xxu|||||s|||||000 | eng d
040 _aPGUSA
_beng
042 _adc
050 4 _aBV
100 1 _aMaclaren, Ian,
_d1850-1907
245 1 0 _aDe Dominee en zijn Gemeente
_h[electronic resource] /
_cIan Maclaren
260 _bProject Gutenberg,
_c2009
506 _aPublic domain in the USA.
516 _aElectronic text
653 _aClergy
700 1 _aNes, W. van
830 0 _aProject Gutenberg
_v29661
856 4 0 _uhttp://www.gutenberg.org/ebooks/29661
942 _cEB
999 _c258916
_d258916